| 000 | 00361nam a2200157Ia 4500 | ||
|---|---|---|---|
| 008 | 210210b1952 xxu||||| |||| 00| 0 eng d | ||
| 041 | _aeng | ||
| 082 | _a883/71 | ||
| 100 | _aSASTRI (Sakuntala Rao) | ||
| 245 | _aKaumudi mahotsava | ||
| 260 |
_aBombay _b- _c1952 |
||
| 650 | _amahotsava | ||
| 650 | _aKaumudi | ||
| 690 | _aSanskrit Drama | ||
| 906 | _a024401 | ||
| 999 |
_c149892 _d149892 |
||